| 000 | 00564nam a2200205Ia 4500 | ||
|---|---|---|---|
| 001 | 22919 | ||
| 008 | 171108s1946 ii g b000 u 465 u | ||
| 082 | _a335 | ||
| 100 | _aRussell, Bertrand . | ||
| 245 | 0 |
_aRoads to Freedom (Socialism, Anarchism And Syndicalism) / _cBertrand Russell. _hTextual Documents |
|
| 250 | _a1st ed. / | ||
| 260 |
_aAllahabad : _bKitabistan , _c1946. |
||
| 300 |
_a220p. ; _c19cm. |
||
| 504 | _aindex | ||
| 653 | _aEconomics | ||
| 653 | _aG-Economics | ||
| 653 | _aPolitical Economy | ||
| 653 | _aT/G-Economics | ||
| 942 |
_2ddc _cBK |
||
| 999 |
_c22901 _d22901 |
||